000 01098nam0a22002651 4500
001 v19\rc\1306624
005 20250618031818.0
035 _a(NLR Aleph) 004464198
090 _a4532285
_c4532285
100 _a20060512e18981898|||y0rusy50 ca
101 0 _arus
102 _aRU
105 _ay z |||||
200 1 _aСлучай гнойного воспаления лонного сочленения
_f(Из Петровск. земск. больницы)
_g[Соч.] Земск. врача Н.Е. Кушева
210 _aМосква
_cт-во тип. А.И. Мамонтова
_dценз. 1898
215 _a4 с.
_d24
309 _aБез тит. л. и обл.
311 _aИз журн. "Медицинское обозрение", 1898 г. ноябрь
488 0 _12001#$aМедицинское обозрение$v1898, ноябрь
_tМедицинское обозрение
700 1 _aКушев
_bН.Е.
_f1858-1941
_gНиколай Егорович
801 0 _aRU
_bNLR
_gpsbo
801 1 _aRU
_bProSoft-M
_2rusmarc
852 _aNLR
_j18.280.2.266
942 _cBOOK
980 _aNB